000 00398nam a2200133Ia 4500
008 220217s9999||||xx |||||||||||||| ||und||
020 _a81-7808-571-2
082 _a519 STA
100 _aStark, Henry Woods, John, W
_92887
245 0 _aProbability and random processes with applications to signal
260 _aPearson education asia
_bDelhi
_c2002
300 _b350
650 _aMATHEMATICS
999 _c171970
_d171970